| 000 | 00408nam a2200145Ia 4500 | ||
|---|---|---|---|
| 008 | 210210b1986 xxu||||| |||| 00| 0 eng d | ||
| 082 | _a546 CHHA | ||
| 100 | _aCHHATWAL (Gurudeep R) & MEHRA (Harish). | ||
| 245 | _aAdvanced inorganic chemistry. | ||
| 260 |
_aMeerut _bGoel Publishing house _c1986 |
||
| 300 | _aiii,1178,v | ||
| 650 | _aInorganic Chemistry | ||
| 690 | _aInorganic Chemistry | ||
| 906 | _a038484 | ||
| 999 |
_c88434 _d88434 |
||